00649nam a2200241Ia 450000500170000000800410001702000150005808200190007324500430009226000250013530000120016065000100017265000120018265000130019465000150020765000140022265000120023670000220024870000210027094200060029195200950029799900150039220250203060248.0240331s9999 xx 000 0 und d a0860680983 bFAO297a305.4 0aNot in God's Image :bWomen in History aLondonbViragoc1979 a383 p., aWomen aHistory aFeminism aRevolution aEducation aSociety aO'Faolain, Jeedt aMartines, Leedt cL 001040708LaWERCLbWERCLcSSCd2024-03-31l0o 305.4 NOTp97r2024-03-31w2024-03-31yL c1678d1678